Development of transition metal- based nano composite catalyst materials for energy and environmental applications. (Record no. 755144)

MARC details
000 -LEADER
fixed length control field 00410nam a2200109 4500
084 ## - OTHER CLASSIFICATION NUMBER
Source of Number Colon Classification
Classification number E142-18:4-880bF550aG:55
100 ## - MAIN ENTRY--AUTHOR NAME
Personal name SIVARAJ ,R
245 ## - TITLE STATEMENT
Title Development of transition metal- based nano composite catalyst materials for energy and environmental applications.
260 ## - PUBLICATION, DISTRIBUTION, ETC. (IMPRINT)
Place of publication Anchal,
Name of publisher St, John's College, University of Kerala,
Year of publication 2025
942 ## - ADDED ENTRY ELEMENTS (KOHA)
Source of classification or shelving scheme Colon Classification
Koha item type PhD Thesis
Holdings
Withdrawn status Lost status Source of classification or shelving scheme Damaged status Not for loan Collection code Home Library Current Location Shelving location Date acquired Full call number Accession Number Price effective from Koha item type
    Colon Classification     Thesis Kerala University Library Kerala University Library Thesis 16/01/2026 E142-18:4-880bF550aG:55 R5 (RT) G46281 16/01/2026 PhD Thesis